000 01075cad a22002055a 4500
001 E148114
008 090730e20090727xxk 000 0 eng d
035 _a(Sirsi) u148114
041 0 _aeng
110 2 _aHistoric Scotland
_92914
245 0 0 _aBattlefields given new protection
_h[electronic resource]
260 _c2009
490 _aHistoric Scotland News Release
_v27 July 2009
520 _aAn inventory of Scotland's historic battlefield sites is to be drawn up, based on research done by the Battlefields Trust. Once the inventory has been completed, in 2011, local authorities will need to take into account the qualities and character of the sites on the inventory when considering planning applications which might affect them.
590 _aKA
651 4 _aScotland
_y1999-
690 _aBUILT ENVIRONMENT-BUILDING TYPES-ANCIENT MONUMENTS AND HISTORIC BUILDINGS
856 4 0 _uhttps://www.historic-scotland.gov.uk/news_search_results.htm/news_article.htm?articleid=24573
_zView the news release free of charge at www.historic-scotland.gov.uk...
942 _n0
999 _c81735
_d81735